Fifa 22 Top 100 Thirty Year-Old+ Players - Statistics

General Stats
  • This quiz has been taken 256 times
  • The average score is 65 of 100
Answer Stats
Rating Club Nation Player % Correct
93 PSG Argentina Lionel Messi
100%
91 Manchester United Portugal Cristiano Ronaldo
99%
91 Manchester City Belgium Kevin De Bruyne
98%
92 Bayern Munich Poland Robert Lewandowski
98%
90 Chelsea France N'Golo Kante
96%
89 Liverpool Netherlands Virgil Van Dijk
95%
89 Real Madrid France Karim Benzema
94%
90 Bayern Munich Germany Manuel Neuer
94%
88 Real Madrid Germany Toni Kroos
94%
88 PSG Costa Rica Keylor Navas
93%
87 Real Madrid Croatia Luka Modric
93%
87 Bayern Munich Germany Thomas Muller
93%
84 Sevilla FC Spain Jesus Navas
92%
88 Atletico Madrid Uruguay Luis Suarez
92%
86 Leicester City England Jamie Vardy
91%
87 Tottenham Hotspur France Hugo Lloris
89%
86 Manchester City Algeria Riyad Mahrez
89%
85 Manchester United Uruguay Edinson Cavani
88%
88 PSG Spain Sergio Ramos
88%
87 PSG Argentina Angel Di Maria
87%
85 Arsenal Gabon Pierre-Emerick Aubameyang
87%
85 Chelsea Brazil Thiago Silva
87%
85 Real Madrid Belgium Eden Hazard
86%
85 Real Sociedad Spain David Silva
85%
86 Liverpool Spain Thiago Alcantara
85%
86 Borussia Dortmund Germany Mats Hummels
84%
86 FC Barcelona Spain Sergio Busquets
84%
86 Piemonte Calcio Italy Giorgio Chiellini
83%
85 Manchester City Germany Ilkay Gundogan
83%
85 Piemonte Calcio Italy Leonardo Bonucci
83%
85 Borussia Dortmund Germany Marco Reus
83%
85 Liverpool Brazil Roberto Firmino
83%
85 Atletico Madrid France Antoine Griezmann
82%
86 FC Barcelona Spain Jordi Alba
82%
86 Napoli Senegal Kalidou Koulibaly
82%
84 AC Milan Sweden Zlatan Ibrahimovic
82%
84 Liverpool England Jordan Henderson
81%
87 Latium Italy Ciro Immobile
80%
85 Manchester City England Kyle Walker
79%
84 FC Barcelona Spain Gerard Pique
78%
86 Napoli Italy Lorenzo Insigne
77%
86 Inter Milan Slovenia Samir Handanovic
77%
87 FC Barcelona Argentina Sergio Aguero
77%
84 Manchester United Spain David De Gea
76%
85 Leicester City Denmark Kasper Schmeichel
76%
85 Borussia Monchengladbach Switzerland Yann Sommer
76%
84 Napoli Belgium Dries Mertens
75%
84 Atletico Madrid England Kieran Trippier
73%
83 Liverpool Cameroon Joel Matip
72%
83 Wolves Mexico Raul Jimenez
72%
84 Ajax Serbia Dusan Tadic
71%
84 PSG Netherlands Georginio Wijnaldum
69%
86 Villarreal CF Spain Daniel Parejo
68%
84 RC Celta Spain Iago Aspas
68%
87 Piemonte Calcio Poland Wojciech Szczesny
68%
85 RB Leipzig Hungary Peter Gulacsi
67%
83 Inter Milan Bosnia-Herzegovina Edin Dzeko
66%
83 Piemonte Calcio Colombia Juan Cuadrado
65%
83 Manchester City Brazil Fernandinho
63%
83 Piemonte Calcio Brazil Alex Sandro
61%
84 AS Monaco France Wissam Ben Yedder
60%
82 Real Madrid Wales Gareth Bale
59%
83 Napoli Greece Kostas Manolas
59%
82 Arsenal France Alexandre Lacazette
58%
83 Bergamo Calcio Colombia Duvan Zapata
58%
83 AC Milan Denmark Simon Kjaer
57%
83 Roma FC Armenia Henrikh Mkhitaryan
56%
83 Chelsea Spain Cesar Azpilicueta
53%
84 Atletico Madrid Brazil Felipe
51%
84 Bergamo Calcio Slovenia Josip Ilicic
51%
83 Borussia Dortmund Belgium Axel Witsel
49%
82 Sevilla FC Croatia Ivan Rakitic
48%
83 TSG Hoffenheim Croatia Andrej Kramaric
47%
83 LAFC Mexico Carlos Vela
47%
83 Everton Brazil Allan
46%
82 PSG Senegal Idrissa Gueye
45%
82 Besiktas Bosnia-Herzegovina Miralem Pjanic
45%
82 Shanghai SIPG Brazil Oscar
44%
83 Sporting CP Uruguay Sebastian Coates
44%
83 Bayer Leverkusen Finland Lukas Hradecky
43%
84 Sevilla FC Brazil Fernando
42%
82 West Ham United Poland Lukasz Fabianski
42%
82 Bergamo Calcio Colombia Luis Muriel
41%
82 FC Porto Portugal Pepe
41%
83 Latium Italy Francesco Acerbi
38%
83 Real Betis Spain Sergio Canales
34%
83 Al-Ahli Brazil Paulinho
33%
82 Olympique Lyon Portugal Anthony Lopes
32%
82 Villarreal CF Spain Raul Albiol
32%
82 Ajax Netherlands Daley Blind
29%
82 Al-Shabab Argentina Ever Banega
29%
82 CSKA Moscow Russia Mario Fernandes
29%
82 Bergamo Calcio Netherlands Marten De Roon
28%
82 FC Barcelona Brazil Norberto Neto
27%
82 TSG Hoffenheim Germany Oliver Baumann
25%
82 Valencia CF Brazil Gabriel Paulista
22%
82 Borussia Monchengladbach Germany Lars Stindl
21%
83 Villarreal CF Spain Sergio Asenjo
20%
82 Genoa Italy Salvatore Sirigu
17%
82 Athletic Bilbao Spain Yuri Berchiche
7%
No matching quizzes found
Score Distribution
Percent of People with Each Score
Percentile by Number Answered
Your Score History
You have not taken this quiz